[Event "Dhaka Walton op 07"]
[Site "Dhaka"]
[Date "2018.07.04"]
[Round "1"]
[White "Md Abu, Hanif"]
[Black "Sajib, Hossain"]
[Result "1-0"]
[WhiteElo "1989"]
[BlackElo "1628"]
[PlyCount "90"]
[EventDate "2018.07.04"]
[EventType "swiss"]
[EventRounds "9"]
[EventCountry "BAN"]
[SourceTitle "EXT 2019"]
[Source "ChessBase"]
[SourceDate "2018.10.10"]
[SourceVersion "1"]
[SourceVersionDate "2018.10.10"]
[SourceQuality "1"]

1. d4 d5 2. Bf4 e6 3. e3 Nf6 4. Nf3 g6 5. Nbd2 Bg7 6. Bd3 Nbd7 7. 0-0 0-0 8. Rc1 Re8 9. c4 c6 10. b4 a6 11. a4 Bf8 12. c5 Nh5 13. Re1 Nxf4 14. exf4 Bh6 15. g3 Bg7 16. Kg2 Bf6 17. h4 h5 18. Nb3 Nf8 19. Qd2 Nh7 20. Re2 Kg7 21. Rce1 Bd7 22. a5 Kg8 23. Bb1 Qc7 24. Nc1 Bg7 25. Nd3 Nf6 26. Nde5 Ng4 27. Qd3 Bxe5 28. fxe5 Rf8 29. Qd2 Kg7 30. Qf4 Rac8 31. Ng5 f6 32. exf6+ Rxf6 33. Qxc7 Rxc7 34. f3 Nh6 35. Rxe6 Bxe6 36. Nxe6+ Rxe6 37. Rxe6 Kf7 38. Rxg6 Ng8 39. Rg5 Nf6 40. Bg6+ Ke6 41. Re5+ Kd7 42. Bxh5 Nxh5 43. Rxh5 Ke6 44. Rh6+ Kf5 45. g4+ Kf4 1-0

[Event "Dhaka SGS op"]
[Site "Dhaka"]
[Date "2017.06.03"]
[Round "1"]
[White "Anata, Choudhury"]
[Black "Sajib, Hossain"]
[Result "1-0"]
[WhiteElo "2051"]
[BlackElo "1626"]
[PlyCount "67"]
[EventDate "2017.06.03"]
[EventType "swiss"]
[EventRounds "9"]
[EventCountry "BAN"]
[SourceTitle "EXT 2019"]
[Source "ChessBase"]
[SourceDate "2018.10.10"]
[SourceVersion "1"]
[SourceVersionDate "2018.10.10"]
[SourceQuality "1"]

1. e4 e5 2. Nf3 Nc6 3. Bb5 Nge7 4. 0-0 a6 5. Ba4 d6 6. c3 b5 7. Bb3 Na5 8. d4 Nxb3 9. axb3 Ng6 10. c4 c6 11. cxb5 cxb5 12. Nc3 Bb7 13. Ng5 Be7 14. Qh5 Bxg5 15. Bxg5 f6 16. Be3 0-0 17. d5 Qd7 18. f4 exf4 19. Bxf4 Nxf4 20. Rxf4 Qf7 21. Qf3 Rae8 22. Ne2 Re5 23. Nd4 Ra8 24. Nf5 Rd8 25. Rg4 Rxf5 26. exf5 Bxd5 27. Qf2 Bb7 28. Re1 d5 29. Qb6 Rd7 30. Re6 Kf8 31. Qc5+ Kg8 32. Qd4 Kf8 33. Rg3 Re7 34. Qc5 1-0